[Event "Dvorkovich Memorial op"]
[Site "Taganrog"]
[Date "2019.01.15"]
[Round "6"]
[White "Semenikhin, Oleg"]
[Black "Tikhokin, Maxim"]
[Result "1-0"]
[WhiteElo "1801"]
[BlackElo "1269"]
[PlyCount "73"]
[EventDate "2019.01.10"]
[EventType "swiss"]
[EventRounds "9"]
[EventCountry "RUS"]
[SourceTitle "CBM 188 Extra"]
[Source "ChessBase"]
[SourceDate "2019.02.26"]
[SourceVersion "1"]
[SourceVersionDate "2019.02.26"]
[SourceQuality "1"]

1. e4 c5 2. Nf3 d6 3. d4 cxd4 4. Nxd4 Nf6 5. Nc3 g6 6. f3 Bg7 7. Be3 Nc6 8. Qd2 0-0 9. 0-0-0 Bd7 10. Kb1 Rc8 11. h4 h5 12. Nd5 Ne5 13. Nxf6+ Bxf6 14. Bg5 Kg7 15. Bxf6+ Kxf6 16. Qg5+ Kg7 17. Nf5+ Bxf5 18. exf5 Qc7 19. c3 Qd7 20. fxg6 fxg6 21. Qd2 Qc6 22. Be2 Qb6 23. Rhg1 Nc4 24. Bxc4 Rxc4 25. Qe2 Qc7 26. g4 hxg4 27. Rxg4 Rxg4 28. fxg4 Rf4 29. h5 gxh5 30. gxh5 Qd7 31. h6+ Kh7 32. Rd5 Rf6 33. Qe4+ Kxh6 34. Qh4+ Kg7 35. Rh5 Kf7 36. Rh7+ Ke6 37. Qe4# 1-0

[Event "Dvorkovich Memorial op"]
[Site "Taganrog"]
[Date "2019.01.10"]
[Round "1"]
[White "Gabrielian, Artur"]
[Black "Semenikhin, Oleg"]
[Result "1/2-1/2"]
[WhiteElo "2490"]
[BlackElo "1801"]
[PlyCount "118"]
[EventDate "2019.01.10"]
[EventType "swiss"]
[EventRounds "9"]
[EventCountry "RUS"]
[SourceTitle "CBM 188 Extra"]
[Source "ChessBase"]
[SourceDate "2019.02.26"]
[SourceVersion "1"]
[SourceVersionDate "2019.02.26"]
[SourceQuality "1"]

1. e4 c6 2. d4 d5 3. Nd2 dxe4 4. Nxe4 Nd7 5. Nf3 Ngf6 6. Nc3 e6 7. Bd3 Be7 8. 0-0 0-0 9. Qe2 b6 10. Ne5 Bb7 11. Rd1 Qc8 12. Bg5 h6 13. Bh4 c5 14. Nxd7 Qxd7 15. Bxf6 Bxf6 16. dxc5 Qc7 17. cxb6 axb6 18. Qe3 Rfd8 19. a4 Be5 20. h3 Bh2+ 21. Kf1 Bf4 22. Nb5 Qb8 23. Qe2 Rd5 24. c4 Rg5 25. f3 Bg3 26. Be4 Re5 27. Qd3 Bxe4 28. fxe4 Rg5 29. Kg1 Be5 30. Qe2 Qf8 31. Ra2 Qb4 32. Qc2 Rc8 33. b3 Rg3 34. Ra3 Qc5+ 35. Qf2 Qb4 36. Qc2 Qc5+ 37. Kh1 Qe3 38. b4 Qf4 39. Rxg3 Qxg3 40. Kg1 Qe3+ 41. Qf2 Qxf2+ 42. Kxf2 Rxc4 43. a5 Rxb4 44. Rd8+ Kh7 45. a6 Rxb5 46. a7 Ra5 47. a8Q Rxa8 48. Rxa8 b5 49. Ra5 Bd4+ 50. Ke2 b4 51. Rb5 Bc3 52. h4 g6 53. g4 Kg7 54. e5 h5 55. g5 Kg8 56. Rb7 Kg7 57. Kf2 Kg8 58. Kg2 Kg7 59. Rb5 Kg8 1/2-1/2

[Event "Dvorkovich Memorial op"]
[Site "Taganrog"]
[Date "2018.01.23"]
[Round "9"]
[White "Yarikov, Artem"]
[Black "Semenikhin, Oleg"]
[Result "1/2-1/2"]
[WhiteElo "1634"]
[BlackElo "1852"]
[PlyCount "38"]
[EventDate "2018.01.15"]
[EventType "swiss"]
[EventRounds "9"]
[EventCountry "RUS"]
[SourceTitle "CBM 182 Extra"]
[Source "ChessBase"]
[SourceDate "2018.02.23"]
[SourceVersion "1"]
[SourceVersionDate "2018.02.23"]
[SourceQuality "1"]

1. e4 c5 2. Nf3 d6 3. d4 cxd4 4. Nxd4 a6 5. c4 Nf6 6. Nc3 g6 7. h3 Bg7 8. Be3 Bd7 9. Qd2 Nc6 10. Be2 Rc8 11. 0-0 0-0 12. Rfd1 Nxd4 13. Bxd4 Bc6 14. Bf3 b5 15. cxb5 axb5 16. Re1 Re8 17. Red1 Rf8 18. Re1 Re8 19. Red1 Rf8 1/2-1/2

[Event "Dvorkovich Memorial op"]
[Site "Taganrog"]
[Date "2018.01.20"]
[Round "6"]
[White "Semenikhin, Oleg"]
[Black "Ivchenko, Alexander"]
[Result "1/2-1/2"]
[WhiteElo "1852"]
[BlackElo "1742"]
[PlyCount "101"]
[EventDate "2018.01.15"]
[EventType "swiss"]
[EventRounds "9"]
[EventCountry "RUS"]
[SourceTitle "CBM 182 Extra"]
[Source "ChessBase"]
[SourceDate "2018.02.23"]
[SourceVersion "1"]
[SourceVersionDate "2018.02.23"]
[SourceQuality "1"]

1. e4 e6 2. d4 d5 3. Nd2 Be7 4. Ngf3 Nf6 5. e5 Nfd7 6. Bd3 c5 7. c3 Nc6 8. 0-0 Qb6 9. Qb3 cxd4 10. Qxb6 Nxb6 11. cxd4 f6 12. Nb3 fxe5 13. dxe5 0-0 14. Nbd4 Bd7 15. Be3 Nb4 16. Bb1 Nc4 17. Bc1 Nc6 18. Re1 Nxd4 19. Nxd4 Bc5 20. Nf3 Bb5 21. a3 Rac8 22. b3 Na5 23. Ba2 Rxf3 24. gxf3 Bd4 25. Be3 Bxa1 26. Rxa1 b6 27. Rc1 Rxc1+ 28. Bxc1 Bd3 29. f4 Nc6 30. f3 Nd4 31. Kf2 Nb5 32. Bb2 Bf5 33. b4 d4 34. Bc4 Nc3 35. Ke1 Kf7 36. Kd2 Nb1+ 37. Kd1 Nc3+ 38. Kd2 Nb1+ 39. Kd1 Nc3+ 40. Kd2 Kg6 41. Bxc3 dxc3+ 42. Kxc3 Kf7 43. Kd4 Ke7 44. Bb5 Kd8 45. Bc6 Kc7 46. Be4 g6 47. a4 Kd7 48. b5 Kc7 49. Ke3 Kd7 50. Kf2 Ke7 51. Kg3 1/2-1/2

[Event "Dvorkovich Memorial op"]
[Site "Taganrog"]
[Date "2018.01.17"]
[Round "3"]
[White "Mikhailov, Sergey"]
[Black "Semenikhin, Oleg"]
[Result "1-0"]
[WhiteElo "2293"]
[BlackElo "1852"]
[PlyCount "71"]
[EventDate "2018.01.15"]
[EventType "swiss"]
[EventRounds "9"]
[EventCountry "RUS"]
[SourceTitle "CBM 182 Extra"]
[Source "ChessBase"]
[SourceDate "2018.02.23"]
[SourceVersion "1"]
[SourceVersionDate "2018.02.23"]
[SourceQuality "1"]

1. c4 Nf6 2. Nc3 g6 3. g3 Bg7 4. Bg2 c6 5. e4 d6 6. d4 0-0 7. h3 e5 8. Nge2 Re8 9. 0-0 Nbd7 10. Be3 exd4 11. Bxd4 Nc5 12. Qc2 Nh5 13. Bxc5 dxc5 14. Rad1 Qc7 15. f4 f5 16. e5 Bf8 17. Kh2 Be6 18. b3 Rad8 19. Ng1 Rxd1 20. Rxd1 Rd8 21. Nf3 Rxd1 22. Nxd1 Qd7 23. Ne3 Ng7 24. Bf1 Bf7 25. Bd3 Ne6 26. Nxf5 gxf5 27. Bxf5 h6 28. g4 Qe7 29. Bxe6 Bxe6 30. f5 Bf7 31. Kg3 Bg7 32. Kf4 b5 33. h4 Qd7 34. Qe4 a5 35. g5 Bh5 36. f6 1-0

[Event "Dvorkovich Memorial op"]
[Site "Taganrog"]
[Date "2018.01.15"]
[Round "1"]
[White "Goganov, Aleksey"]
[Black "Semenikhin, Oleg"]
[Result "1-0"]
[WhiteElo "2563"]
[BlackElo "1852"]
[PlyCount "39"]
[EventDate "2018.01.15"]
[EventType "swiss"]
[EventRounds "9"]
[EventCountry "RUS"]
[SourceTitle "CBM 182 Extra"]
[Source "ChessBase"]
[SourceDate "2018.02.23"]
[SourceVersion "1"]
[SourceVersionDate "2018.02.23"]
[SourceQuality "1"]

1. d4 Nf6 2. c4 g6 3. Nc3 d5 4. Nf3 Bg7 5. cxd5 Nxd5 6. e4 Nxc3 7. bxc3 0-0 8. Be2 c5 9. 0-0 Nc6 10. d5 Na5 11. e5 b6 12. Bf4 Nb7 13. Qd2 f6 14. Rad1 g5 15. Bg3 g4 16. exf6 exf6 17. Nh4 Re8 18. d6 Qd7 19. Rfe1 Rb8 20. Bc4+ 1-0